000 01257nam a2200313 c 4500
003 BLK
005 20180420233033.0
008 180409b bul|||||r ||||||| ||bul||
010 _aKNG00145157000
040 _aBLK
041 _aBUL
_cBUL
080 _aБългарска литература
_b821.163.2
_x-93-1
_z821.163.2-93-1
100 1 _aДонков, Славчо Александров
_eпърви автор
_9298651
700 1 _aДанова, Елка
_eхудож.
_9326617
139 _aДонков, Славчо Александров
_bД 77
245 1 0 _aСиня неделя
_bПоема за деца
_cСлавчо Александров Донков; худож. Елка Данова.
257 _aBGR
260 София
_bОтечество
_c1978
_fСофия : Балкан
300 _a32 с.
_bс ил.
_c24 см
380 _aDX
500 _a15 115 тир.
653 _aлитература за деца
653 _aдетска литература
852 _aЦб 260472
856 4 _qpdf
_u
856 4 _qpdf
_u
942 _cKNG
_n0
944 _aCR
_c08.07.2013
_l08.07.2013 - от С1,Р / 08.07.2013
_kПолина_Златанова
944 _aED
_c15.09.2017
_l08.07.2013 - от С1,Р / 08.07.2013
_kХристина_Везирева
999 _c139141
_d139141